000 00426nam a2200205Ia 4500
001 003938
003 YMCAF
005 20230512160239.0
008 100717s1971 ||||||||||||||||| ||und|d
024 _a3938
035 _a3943
040 _aYMCAF
_beng
_cIN-KoLT
041 _aeng
082 _aELE-WAR
100 _aWARD M.R.
245 0 _aELECTRICAL ENGG. SCIENCE
260 _c1971
300 _a238
942 _2ddc
_cBK
999 _c3134
_d3134